Presentation graphics / (Record no. 20726)
[ view plain ]
| 000 -LEADER | |
|---|---|
| fixed length control field | 00605nam a2200205 a 4500 |
| 003 - CONTROL NUMBER IDENTIFIER | |
| control field | PILC |
| 005 - DATE AND TIME OF LATEST TRANSACTION | |
| control field | 20150826144525.0 |
| 008 - FIXED-LENGTH DATA ELEMENTS--GENERAL INFORMATION | |
| fixed length control field | 040916s19uu xx 00 eng d |
| 050 ## - LIBRARY OF CONGRESS CALL NUMBER | |
| Classification number | T 385 |
| Item number | .C932 2003 |
| 100 ## - MAIN ENTRY--PERSONAL NAME | |
| Personal name | Crisostomo, Conchita C. |
| 245 ## - TITLE STATEMENT | |
| Title | Presentation graphics / |
| Statement of responsibility, etc | Conchita C. Crisostomo, Ricky L. Adorna. |
| 250 ## - EDITION STATEMENT | |
| Edition statement | 2nd edition. |
| 260 ## - PUBLICATION, DISTRIBUTION, ETC. (IMPRINT) | |
| Place of publication, distribution, etc | Manila : |
| Name of publisher, distributor, etc | 3K-IT Educational Services, |
| Date of publication, distribution, etc | 2003. |
| 300 ## - PHYSICAL DESCRIPTION | |
| Extent | 116 pages : |
| Other physical details | illustrations ; |
| Dimensions | 23 cm. |
| 650 ## - SUBJECT ADDED ENTRY--TOPICAL TERM | |
| Topical term or geographic name as entry element | Computer graphics. |
| 700 ## - ADDED ENTRY--PERSONAL NAME | |
| Personal name | Adorna, Ricky L., jt. aut. |
| 942 ## - ADDED ENTRY ELEMENTS (KOHA) | |
| Koha item type | Books |
| Source of classification or shelving scheme | Library of Congress Classification |
| Call number prefix | Local |
| Withdrawn status | Lost status | Source of classification or shelving scheme | Damaged status | Home library | Current library | Shelving location | Date acquired | Total Checkouts | Full call number | Barcode | Date last seen | Copy number | Price effective from | Koha item type | Source of acquisition | Sub Shelving location |
|---|---|---|---|---|---|---|---|---|---|---|---|---|---|---|---|---|
| Library of Congress Classification | College Library | College Library | General Circulation Section | 05/09/2005 | T 385 .C932 2003 | C5913 | 05/15/2018 | 1 | 10/10/2013 | Books | ||||||
| Library of Congress Classification | College Library | College Library | General Circulation Section | 12/02/2013 | T 385 .C932 2003 | C5271 | 05/15/2018 | 2 | 12/02/2013 | Books | ||||||
| Library of Congress Classification | College Library | College Library | General Circulation Section | 08/26/2015 | T 385 .C932 2003 | C19816 | 05/15/2018 | 08/26/2015 | Books | Donation |